[Event "36th ECC Open 2021"]
[Site "Struga MKD"]
[Date "2021.09.18"]
[Round "1.18"]
[Board "5"]
[White "Reichardt, Thomas"]
[Black "Kurochkin, Victor"]
[Result "1-0"]
[WhiteElo "1793"]
[BlackElo "2407"]
[WhiteTeam "En Passant"]
[BlackTeam "Perfect"]
[WhiteFideId "1046586"]
[BlackFideId "4105168"]
[EventDate "2021.09.18"]
[EventType "team"]

1. e4 c5 2. Nf3 d6 3. d4 cxd4 4. Nxd4 Nf6 5. Nc3 a6 6. Bc4 e6 7. O-O b5 8. Bd3
Bb7 9. a3 Be7 10. Be3 O-O 11. f3 Nbd7 12. Qe2 Qc7 13. Rad1 d5 14. exd5 Nxd5 15.
Nxd5 Bxd5 16. Rfe1 Bd6 17. g3 Nc5 18. Kg2 Qb7 19. Bf2 Nxd3 20. Qxd3 Rad8 21. Rd2
Bb8 22. Red1 Rfe8 23. Qe2 Bd6 24. Nb3 Rc8 25. Bg1 Be7 26. Nd4 Bf6 27. c3 h6 28.
Nc2 Rc7 29. Rxd5 exd5 30. Qxe8+ Kh7 31. Qe2 Re7 32. Qd3+ g6 33. Bd4 Bxd4 34.
Nxd4 h5 35. Kf2 Qd7 36. Re1 Rxe1 37. Kxe1 Qh3 38. Qe2 Kg8 39. Qe8+ Kg7 40. Qe5+
Kg8 41. Qe2 Kf8 42. Nc6 Kg7 43. Nb4 g5 44. Nc6 g4 45. Qe7 Kg8 46. Qe8+ Kh7 1-0

[Event "36th ECC Open 2021"]
[Site "Struga MKD"]
[Date "2021.09.18"]
[Round "1.19"]
[Board "1"]
[White "Cornette, Matthieu"]
[Black "Vogel, Constantin"]
[Result "1-0"]
[WhiteTitle "GM"]
[WhiteElo "2578"]
[BlackElo "2149"]
[WhiteTeam "ASNIERES Le Grand Echiquier"]
[BlackTeam "St Benildus"]
[WhiteFideId "620084"]
[BlackFideId "12960071"]
[EventDate "2021.09.18"]
[EventType "team"]

1. e4 Nf6 2. e5 Nd5 3. d4 d6 4. c4 Nb6 5. exd6 cxd6 6. Nc3 g6 7. h3 Bg7 8. Nf3
O-O 9. Be2 Bf5 10. O-O Nc6 11. d5 Na5 12. Nd4 Naxc4 13. a4 Rc8 14. a5 Na8 15.
Ra4 Ne5 16. f4 Nd7 17. g4 Nc5 18. gxf5 Nxa4 19. Qxa4 Rc5 20. Nb3 Rc8 21. fxg6
hxg6 22. f5 Nc7 23. Qh4 Qe8 24. Bd3 Bf6 25. Qg4 Kg7 26. fxg6 fxg6 27. Nd4 Qf7
28. Nf5+ Kh8 29. Nh4 1-0

[Event "36th ECC Open 2021"]
[Site "Struga MKD"]
[Date "2021.09.18"]
[Round "1.19"]
[Board "2"]
[White "Putar, Leon"]
[Black "Delchev, Aleksander"]
[Result "0-1"]
[BlackTitle "GM"]
[WhiteElo "1918"]
[BlackElo "2500"]
[WhiteTeam "St Benildus"]
[BlackTeam "ASNIERES Le Grand Echiquier"]
[WhiteFideId "14546612"]
[BlackFideId "2900394"]
[EventDate "2021.09.18"]
[EventType "team"]

1. e4 c5 2. Nf3 e6 3. c3 d5 4. exd5 Qxd5 5. d4 Nf6 6. Be2 cxd4 7. Qxd4 Qxd4 8.
Nxd4 a6 9. O-O Bc5 10. Nb3 Ba7 11. Bf3 Nc6 12. Bxc6+ bxc6 13. Be3 Bxe3 14. fxe3
Ng4 15. Re1 Rb8 16. N1d2 Ne5 17. Re2 a5 18. Ne4 Nc4 19. Nec5 e5 20. h3 Ke7 21.
Rd1 f6 22. e4 Rd8 23. Rxd8 Kxd8 24. g4 Ke7 25. Kg2 Rb5 26. Kg3 Kd6 27. Na4 Be6
28. Kf3 c5 29. Rc2 Kc6 30. Ke2 Nd6 31. Nc1 Nxe4 32. c4 Rb4 33. b3 Bf7 34. h4 h6
35. Ke3 Rb8 36. h5 Bg8 37. Nd3 Rd8 38. Nab2 Bh7 39. Rc1 Ng5 40. Rd1 Rd4 41. Nf2
Ne6 42. Ra1 Rf4 43. Rg1 Ng5 44. Rg3 Rxf2 45. Kxf2 Ne4+ 46. Kg2 Nxg3 47. Kxg3 Bb1
48. Nd1 Bxa2 0-1

[Event "36th ECC Open 2021"]
[Site "Struga MKD"]
[Date "2021.09.18"]
[Round "1.19"]
[Board "3"]
[White "Vaisser, Anatoly"]
[Black "Putar, Lara"]
[Result "1-0"]
[WhiteTitle "GM"]
[WhiteElo "2494"]
[BlackElo "1930"]
[WhiteTeam "ASNIERES Le Grand Echiquier"]
[BlackTeam "St Benildus"]
[WhiteFideId "603252"]
[BlackFideId "14546604"]
[EventDate "2021.09.18"]
[EventType "team"]

1. d4 Nf6 2. c4 g6 3. Nc3 d5 4. cxd5 Nxd5 5. e4 Nxc3 6. bxc3 Bg7 7. Bc4 c5 8.
Ne2 O-O 9. O-O cxd4 10. cxd4 Qc7 11. Bd3 Nc6 12. Be3 Rd8 13. Rc1 Qa5 14. d5 Ne5
15. Bb1 b5 16. Nd4 Bd7 17. Nb3 Qa4 18. Bc5 e6 19. Be7 Re8 20. d6 Nc6 21. Nc5
Qxd1 22. Rfxd1 Nxe7 23. dxe7 Bc6 24. Na6 Rac8 25. Nb4 Bd7 26. Rxc8 Rxc8 27. Kf1
Be8 28. Rd8 Rc1+ 29. Ke2 f5 30. Rxe8+ Kf7 31. Rg8 Kxe7 32. Rxg7+ Kf6 33. Rxa7 1-0

[Event "36th ECC Open 2021"]
[Site "Struga MKD"]
[Date "2021.09.18"]
[Round "1.19"]
[Board "4"]
[White "Novak, Vjekoslav"]
[Black "Olivier, Pierre"]
[Result "0-1"]
[WhiteElo "1721"]
[BlackElo "2215"]
[WhiteTeam "St Benildus"]
[BlackTeam "ASNIERES Le Grand Echiquier"]
[WhiteFideId "14511584"]
[BlackFideId "601829"]
[EventDate "2021.09.18"]
[EventType "team"]

1. f4 c5 2. b3 Nf6 3. Nf3 g6 4. e3 Bg7 5. Bb2 O-O 6. Be2 b6 7. O-O Bb7 8. c4 Nc6
9. Na3 e6 10. Nc2 d6 11. d3 d5 12. Qe1 Qe7 13. Ne5 Nd7 14. Nxc6 Bxc6 15. Bxg7
Kxg7 16. Bf3 Rac8 17. e4 d4 18. Qg3 f6 19. Rae1 e5 20. Bg4 Rce8 21. Re2 exf4 22.
Rxf4 Ne5 23. Bh3 Rd8 24. Ref2 a6 25. Ne1 Kh8 26. Rh4 b5 27. Bg4 bxc4 28. bxc4
Rb8 29. Rf1 Rb1 30. Be2 Bd7 31. Nf3 Rxf1+ 32. Bxf1 g5 33. Rh5 Be8 34. Rh3 Nxf3+
35. gxf3 Qe5 36. Qxe5 fxe5 37. Rh6 Bg6 38. Rh3 Kg7 39. Be2 Rb8 40. Rg3 Rb4 41.
Kf2 Kf6 42. Rg1 Rb2 43. a3 Bf7 44. h4 gxh4 45. Rh1 h5 46. Rxh4 Kg5 47. Rh1 Bg6
48. Rg1+ Kf6 49. Ra1 Bf7 50. Rc1 Be6 51. Rd1 h4 52. f4 Rxe2+ 0-1

[Event "36th ECC Open 2021"]
[Site "Struga MKD"]
[Date "2021.09.18"]
[Round "1.19"]
[Board "5"]
[White "Kirszenberg, Marc"]
[Black "Cooney, Brendan"]
[Result "1/2-1/2"]
[WhiteTitle "CM"]
[WhiteElo "2139"]
[BlackElo "1818"]
[WhiteTeam "ASNIERES Le Grand Echiquier"]
[BlackTeam "St Benildus"]
[WhiteFideId "601594"]
[BlackFideId "2508702"]
[EventDate "2021.09.18"]
[EventType "team"]

1. d4 d5 2. Nf3 Nf6 3. c4 dxc4 4. e3 e6 5. Bxc4 c5 6. Nc3 a6 7. O-O b5 8. Be2
Bb7 9. dxc5 Qxd1 10. Rxd1 Bxc5 11. b3 Nbd7 12. Bb2 Ke7 13. Ne1 Rhd8 14. Nd3 Bd6
15. Rac1 Rac8 16. h3 h6 17. Kf1 Nb6 18. Nf4 Rc7 19. Nh5 Nxh5 20. Bxh5 Rdc8 21.
Ne2 g6 22. Bf3 Bxf3 23. gxf3 Rc2 24. Rxc2 Rxc2 25. Bf6+ Kd7 26. Nc3 Kc6 27. a4
bxa4 28. bxa4 Bb4 29. Ne2 Ra2 30. Rc1+ Kd7 31. Rd1+ 1/2-1/2

[Event "36th ECC Open 2021"]
[Site "Struga MKD"]
[Date "2021.09.18"]
[Round "1.19"]
[Board "6"]
[White "Putar, Slavko"]
[Black "Moingt, Jean-Claude"]
[Result "0-1"]
[BlackTitle "FM"]
[WhiteElo "1676"]
[BlackElo "2125"]
[WhiteTeam "St Benildus"]
[BlackTeam "ASNIERES Le Grand Echiquier"]
[WhiteFideId "14557517"]
[BlackFideId "601608"]
[EventDate "2021.09.18"]
[EventType "team"]

1. e4 c5 2. Nf3 Nc6 3. c3 d5 4. exd5 Qxd5 5. d4 e6 6. Be3 Nf6 7. h3 cxd4 8. cxd4
Bb4+ 9. Bd2 Bxd2+ 10. Qxd2 O-O 11. Nc3 Qa5 12. Bd3 Rd8 13. O-O Nb4 14. Ne4 Nxe4
15. Bxe4 Qb6 16. Rfd1 Nd5 17. Rac1 Nf6 18. Bb1 Bd7 19. Rc5 Bc6 20. Ne5 Be4 21.
Rcc1 Bxb1 22. Rxb1 Rd5 23. Qe3 Rad8 24. Nf3 Ra5 25. a3 Nd5 26. Qe4 Rb5 27. Qc2
Ne7 28. b4 Rbd5 29. Rb3 Nc6 30. Rbd3 Qb5 31. R1d2 g6 32. Qb3 e5 33. a4 Qxb4 34.
Qxb4 Nxb4 35. Rb3 a5 36. Nxe5 Rxe5 37. Rb1 Red5 38. Rbd1 Nc6 39. Rb1 Rxd4 40.
Rc2 Rd1+ 0-1

[Event "36th ECC Open 2021"]
[Site "Struga MKD"]
[Date "2021.09.19"]
[Round "2.1"]
[Board "1"]
[White "Indjic, Aleksandar"]
[Black "Mamedyarov, Shakhriyar"]
[Result "0-1"]
[WhiteTitle "GM"]
[BlackTitle "GM"]
[WhiteElo "2629"]
[BlackElo "2762"]
[WhiteTeam "Sloven Ruma"]
[BlackTeam "Alkaloid"]
[WhiteFideId "911925"]
[BlackFideId "13401319"]
[EventDate "2021.09.18"]
[EventType "team"]

1. d4 d5 2. c4 e6 3. Nf3 a6 4. cxd5 exd5 5. Nc3 Nf6 6. Bg5 Be6 7. e3 Nbd7 8. h3
c6 9. Bd3 Bd6 10. Bf4 Qc7 11. Qd2 h6 12. b4 g5 13. Bxd6 Qxd6 14. a4 Rg8 15. Qb2
Ke7 16. a5 Rae8 17. Nd2 Kf8 18. Ne2 h5 19. g3 Qe7 20. Nc3 Kg7 21. Na4 Nf8 22.
Nf3 Ne4 23. Nc5 Bf5 24. O-O-O f6 25. Nd2 Nxf2 26. Bxf5 Nxh1 27. Rxh1 Qxe3 28. g4
hxg4 29. hxg4 Rh8 30. Rxh8 Kxh8 31. Kc2 Qf4 32. Qc3 Re3 33. Nd3 Qh2 34. Qc5 Kg8
35. Nc1 Qc7 36. Qb6 Qe7 37. Ncb3 Ne6 38. Bxe6+ Rxe6 39. Nc5 Qh7+ 40. Kb2 Re2 41.
Qd8+ Kf7 42. Qc7+ Re7 43. Qb8 Qh4 44. Nxb7 Qxg4 45. Kc2 Qf5+ 46. Kd1 Qg4+ 47.
Kc2 Kg7 48. Nc5 Qf5+ 49. Kd1 Qg4+ 50. Kc2 Qf5+ 51. Kd1 Qf2 52. Qd6 Re1+ 53. Kc2
Qf5+ 54. Kb2 Re2 55. Kc3 Re3+ 56. Kb2 Qf2 57. Kc2 Re2 58. Nb3 Qf5+ 59. Kd1 Re8
60. Nc5 g4 61. Qxc6 Re3 62. Qc7+ Kg6 63. Qd8 g3 64. Nd7 g2 65. Qg8+ Kh6 66. Nf8
Qf1+ 67. Kc2 Qd3+ 68. Kd1 Re1+ 69. Kxe1 Qe3+ 0-1

[Event "36th ECC Open 2021"]
[Site "Struga MKD"]
[Date "2021.09.19"]
[Round "2.1"]
[Board "2"]
[White "Shankland, Sam"]
[Black "Ivanisevic, Ivan"]
[Result "1/2-1/2"]
[WhiteTitle "GM"]
[BlackTitle "GM"]
[WhiteElo "2720"]
[BlackElo "2582"]
[WhiteTeam "Alkaloid"]
[BlackTeam "Sloven Ruma"]
[WhiteFideId "2004887"]
[BlackFideId "912417"]
[EventDate "2021.09.18"]
[EventType "team"]

1. d4 d5 2. c4 c6 3. Nf3 Nf6 4. Nc3 e6 5. Bg5 h6 6. Bh4 Nbd7 7. e3 g5 8. Bg3 Nh5
9. Qc2 Nxg3 10. hxg3 Bg7 11. O-O-O Qe7 12. Kb1 O-O 13. Be2 b5 14. cxb5 Bb7 15.
bxc6 Bxc6 16. Bb5 Bxb5 17. Nxb5 Rfc8 18. Nc3 a5 19. Rc1 a4 20. Qd3 Nb6 21. Rc2
Nc4 22. Rhc1 Qb7 23. Ka1 Rcb8 24. Rb1 Na5 25. a3 Nb3+ 26. Ka2 Ra5 27. Nd2 e5 28.
dxe5 Bxe5 29. Nf3 Nc5 30. Qe2 Bg7 31. Nd4 Nb3 32. Rd1 Nxd4 33. exd4 Ra6 34. Kb1
Bf8 35. Kc1 Rc6 36. Rd3 Rc4 37. Kd1 Bg7 38. Qd2 Qb3 39. Qe3 Rbc8 40. Rd2 Bf8 41.
Nxa4 Qxa4 42. b3 Qxa3 43. bxc4 Qa1+ 44. Ke2 Bb4 45. cxd5 Qa6+ 46. Qd3 Re8+ 47.
Kf3 Qf6+ 48. Kg4 Bxd2 49. Rxd2 Re1 50. f4 gxf4 51. gxf4 h5+ 52. Kf3 Qh4 53. d6
Rg1 54. d7 Qg4+ 55. Ke3 Qxd7 56. Kf2 Rh1 57. Qg3+ Kh7 58. Qg5 Qc8 59. Qf6 Qc4
60. Re2 h4 61. Qf5+ Kg7 62. Qe5+ Kh7 63. d5 Qd3 64. Qe4+ Qxe4 65. Rxe4 Rd1 66.
Re5 f6 67. Re7+ Kg6 68. Rd7 Kf5 69. Ke3 Re1+ 70. Kf2 Rd1 71. Ke2 Rd4 72. Ke3
Re4+ 73. Kd3 Rxf4 74. Re7 Rf1 75. Re2 Rd1+ 76. Kc4 Kf4 77. Kc5 f5 78. d6 Kg3 79.
Kc6 f4 80. d7 f3 81. gxf3 Kxf3 82. Re6 Rxd7 83. Kxd7 h3 84. Rh6 Kg2 85. Rxh3
Kxh3 1/2-1/2

[Event "36th ECC Open 2021"]
[Site "Struga MKD"]
[Date "2021.09.19"]
[Round "2.1"]
[Board "4"]
[White "Kryvoruchko, Yuriy"]
[Black "Perunovic, Milos"]
[Result "1-0"]
[WhiteTitle "GM"]
[BlackTitle "GM"]
[WhiteElo "2689"]
[BlackElo "2566"]
[WhiteTeam "Alkaloid"]
[BlackTeam "Sloven Ruma"]
[WhiteFideId "14109182"]
[BlackFideId "921629"]
[EventDate "2021.09.18"]
[EventType "team"]

1. e4 c5 2. Nf3 e6 3. c4 Nc6 4. d4 cxd4 5. Nxd4 Nf6 6. Nc3 Bb4 7. Nxc6 bxc6 8.
Bd3 e5 9. O-O O-O 10. Bd2 d6 11. Na4 Bxd2 12. Qxd2 d5 13. cxd5 cxd5 14. exd5
Qxd5 15. Rfd1 Bb7 16. Bf1 Qxd2 17. Rxd2 Bc6 18. Nc5 Rab8 19. Re1 Rfe8 20. b3 h5
21. f3 Nd5 22. Nd7 Rbd8 23. Nxe5 Bb7 24. Bc4 Kf8 25. Kf2 g5 26. h4 gxh4 27. Rd4
Nc3 28. Rd7 Bd5 29. Bxd5 Nxd5 30. Rd1 Nc3 31. R1d3 Rxd7 32. Nxd7+ Ke7 33. Rxc3
Kxd7 34. Rc5 Re6 35. Ra5 a6 36. Rxh5 Rc6 37. Kg1 Rc2 38. Ra5 Rc6 39. Kh2 Kc7 40.
Ra4 1-0

[Event "36th ECC Open 2021"]
[Site "Struga MKD"]
[Date "2021.09.19"]
[Round "2.1"]
[Board "5"]
[White "Miljkovic, Miroslav D"]
[Black "Inarkiev, Ernesto"]
[Result "0-1"]
[WhiteTitle "GM"]
[BlackTitle "GM"]
[WhiteElo "2470"]
[BlackElo "2663"]
[WhiteTeam "Sloven Ruma"]
[BlackTeam "Alkaloid"]
[WhiteFideId "922722"]
[BlackFideId "4162722"]
[EventDate "2021.09.18"]
[EventType "team"]

1. d4 d5 2. c4 e6 3. Nc3 Bb4 4. cxd5 exd5 5. Bf4 Ne7 6. e3 c6 7. Bd3 Bf5 8. Ne2
O-O 9. O-O Re8 10. a3 Bd6 11. Rc1 a5 12. Na4 Bxd3 13. Qxd3 Nc8 14. Nc5 Qe7 15.
Qc2 Na6 16. Nxa6 Rxa6 17. Rfe1 Ra8 18. a4 Bb4 19. Red1 h5 20. h3 h4 21. Qf5 Qe6
22. Qxe6 Rxe6 23. Bg5 Be7 24. Bxe7 Rxe7 25. Rb1 Nd6 26. b4 axb4 27. Rxb4 Nc4 28.
Nf4 b6 29. Nd3 Ra6 30. Nb2 Nd6 31. Rc1 Rc7 32. Nd3 g5 33. Rb3 Nc4 34. Nb2 Na5
35. Rbc3 f6 36. R1c2 Kf7 37. Nd3 Ra8 38. Nb4 Nc4 39. e4 Ke6 40. exd5+ cxd5 41.
Re2+ Kd6 42. Rf3 Rf7 43. Rf5 Rxa4 44. Nxd5 Ra5 45. Rxf6+ Rxf6 46. Nxf6 b5 47.
Rc2 Ke6 48. Ne4 Kd5 49. Nc5 Ra3 50. f4 gxf4 51. Rc1 Ne3 52. Rb1 Ra2 53. Rxb5
Rxg2+ 54. Kh1 f3 55. Ne6+ Kc6 56. Rb1 Nf5 57. Rc1+ Kd6 0-1

[Event "36th ECC Open 2021"]
[Site "Struga MKD"]
[Date "2021.09.19"]
[Round "2.1"]
[Board "6"]
[White "Predke, Alexandr"]
[Black "Stankovic, Milos"]
[Result "1-0"]
[WhiteTitle "GM"]
[BlackTitle "IM"]
[WhiteElo "2662"]
[BlackElo "2409"]
[WhiteTeam "Alkaloid"]
[BlackTeam "Sloven Ruma"]
[WhiteFideId "24107581"]
[BlackFideId "938190"]
[EventDate "2021.09.18"]
[EventType "team"]

1. d4 d5 2. c4 e6 3. Nf3 Nf6 4. g3 Be7 5. Bg2 O-O 6. O-O c6 7. Nc3 a5 8. Ne5
Nfd7 9. Be3 Nxe5 10. dxe5 Nd7 11. cxd5 cxd5 12. Bd4 Nc5 13. e4 Nxe4 14. Nxe4
dxe4 15. Bxe4 Bd7 16. Bxb7 Rb8 17. Be4 Bb5 18. Re1 Bb4 19. Re3 Qd7 20. a3 Be7
21. Bc3 Qa7 22. Qf3 Rfd8 23. Ree1 a4 24. Rad1 Bc5 25. Kg2 Qb6 26. h4 h6 27. g4
Be7 28. h5 Bh4 29. Qe3 Qc7 30. Bb4 Bc6 31. Rd6 Bxe4+ 32. Qxe4 Be7 33. Rc6 Qb7
34. Bc3 Qb3 35. Rc7 Bg5 36. Qf3 Rf8 37. Rd1 f5 38. Rdd7 Kh8 39. Rxg7 1-0

[Event "36th ECC Open 2021"]
[Site "Struga MKD"]
[Date "2021.09.19"]
[Round "2.2"]
[Board "1"]
[White "Svidler, Peter"]
[Black "Donchenko, Alexander"]
[Result "1/2-1/2"]
[WhiteTitle "GM"]
[BlackTitle "GM"]
[WhiteElo "2701"]
[BlackElo "2641"]
[WhiteTeam "Mednyi Vsadnik"]
[BlackTeam "Skakfelag Selfoss"]
[WhiteFideId "4102142"]
[BlackFideId "24603295"]
[EventDate "2021.09.18"]
[EventType "team"]

1. e4 c5 2. Nf3 d6 3. d4 cxd4 4. Nxd4 Nf6 5. Nc3 a6 6. Bd3 e5 7. Nde2 Be7 8. O-O
O-O 9. Ng3 Bg4 10. Be2 Be6 11. Nd5 Nxd5 12. exd5 Bc8 13. f4 Nd7 14. Kh1 f5 15.
a4 g6 16. a5 Bf6 17. c4 Bg7 18. b4 h5 19. Bxh5 gxh5 20. Nxh5 e4 21. Nxg7 Kxg7
22. Bb2+ Nf6 23. Ra3 Rh8 24. c5 Bd7 25. Qd4 Kf7 26. Rc1 Rc8 27. Rac3 dxc5 28.
Rxc5 Rh6 29. d6 Qh8 30. Kg1 Rxc5 31. Rxc5 Qe8 32. Re5 Be6 33. Rc5 Bd7 34. Re5
Be6 35. Rc5 1/2-1/2

[Event "36th ECC Open 2021"]
[Site "Struga MKD"]
[Date "2021.09.19"]
[Round "2.2"]
[Board "2"]
[White "Demchenko, Anton"]
[Black "Fedoseev, Vladimir3"]
[Result "0-1"]
[WhiteTitle "GM"]
[BlackTitle "GM"]
[WhiteElo "2610"]
[BlackElo "2708"]
[WhiteTeam "Skakfelag Selfoss"]
[BlackTeam "Mednyi Vsadnik"]
[WhiteFideId "4160258"]
[BlackFideId "24130737"]
[EventDate "2021.09.18"]
[EventType "team"]

1. e4 c6 2. d4 d5 3. Nd2 dxe4 4. Nxe4 Bf5 5. Ng3 Bg6 6. Nf3 Nd7 7. h4 h6 8. Bd3
Bxd3 9. Qxd3 Qc7 10. Bd2 e6 11. O-O-O Ngf6 12. Kb1 Be7 13. Ne4 Ng4 14. Ne5 Ngxe5
15. dxe5 Nc5 16. Nxc5 Bxc5 17. Be3 Be7 18. h5 Rd8 19. Qe4 O-O 20. f4 Rxd1+ 21.
Rxd1 Rd8 22. Rxd8+ Qxd8 23. Qd4 Qxd4 24. Bxd4 a6 25. g4 f5 26. exf6 gxf6 27. f5
e5 28. Be3 Bf8 29. c4 Kf7 30. Kc2 Ke7 31. Kb3 Kd6 32. Kb4 Kc7+ 33. Ka5 c5 34. a3
Kc6 35. b4 e4 36. Ka4 b6 37. Kb3 cxb4 38. axb4 a5 39. c5 a4+ 40. Kxa4 bxc5 41.
b5+ Kb6 42. Bd2 c4 43. Ba5+ Kb7 44. Bb4 e3 45. Bc3 e2 46. Ka5 Bc5 47. Be1 Bf2 0-1

[Event "36th ECC Open 2021"]
[Site "Struga MKD"]
[Date "2021.09.19"]
[Round "2.2"]
[Board "3"]
[White "Alekseenko, Kirill"]
[Black "Antipov, Mikhail Al."]
[Result "1-0"]
[WhiteTitle "GM"]
[BlackTitle "GM"]
[WhiteElo "2693"]
[BlackElo "2607"]
[WhiteTeam "Mednyi Vsadnik"]
[BlackTeam "Skakfelag Selfoss"]
[WhiteFideId "4135539"]
[BlackFideId "4107012"]
[EventDate "2021.09.18"]
[EventType "team"]

1. d4 Nf6 2. c4 g6 3. Nf3 Bg7 4. e3 O-O 5. Be2 d6 6. Nc3 Bf5 7. O-O Ne4 8. Nxe4
Bxe4 9. Ng5 Bf5 10. e4 Bd7 11. d5 e6 12. dxe6 fxe6 13. c5 h6 14. Nh3 dxc5 15.
Be3 b6 16. Qd2 Bc6 17. Qc2 Qf6 18. Rab1 Nd7 19. f4 e5 20. f5 Qh4 21. Rbd1 gxf5
22. exf5 Nf6 23. Bf4 Rae8 24. Bg3 Qe4 25. Bd3 Qd4+ 26. Nf2 Kh8 27. Rfe1 Nd5 28.
Be4 Ne3 29. Rxe3 Qxe3 30. Bxc6 Rd8 31. Be4 Rd4 32. Qb1 h5 33. Re1 Qd2 34. h4 Bf6
35. Nh3 Rfd8 36. Ng5 Bxg5 37. hxg5 Kg8 38. Bxe5 1-0

[Event "36th ECC Open 2021"]
[Site "Struga MKD"]
[Date "2021.09.19"]
[Round "2.2"]
[Board "4"]
[White "Lomasov, Semyon"]
[Black "Ponkratov, Pavel"]
[Result "1/2-1/2"]
[WhiteTitle "IM"]
[BlackTitle "GM"]
[WhiteElo "2526"]
[BlackElo "2657"]
[WhiteTeam "Skakfelag Selfoss"]
[BlackTeam "Mednyi Vsadnik"]
[WhiteFideId "24164879"]
[BlackFideId "4157800"]
[EventDate "2021.09.18"]
[EventType "team"]

1. e4 e6 2. d4 d5 3. Nc3 Bb4 4. exd5 exd5 5. Bd3 c6 6. Nf3 Ne7 7. O-O O-O 8. Ne2
Ng6 9. Ng3 Nd7 10. Bg5 Be7 11. Bxe7 Qxe7 12. Qd2 Qd6 13. Rae1 Nf6 14. Ne5 c5 15.
dxc5 Qxc5 16. c3 Re8 17. Nxg6 hxg6 18. Rxe8+ Nxe8 19. Re1 Bd7 20. Ne2 Nf6 21.
Nd4 Qd6 22. h3 Re8 23. Rxe8+ Bxe8 24. Qe3 Bd7 25. g4 Qb6 26. Qe2 Qd6 27. Qe3 Qb6
28. Qe2 Qd6 29. Qe3 Qb6 30. Qe2 Qd6 1/2-1/2

[Event "36th ECC Open 2021"]
[Site "Struga MKD"]
[Date "2021.09.19"]
[Round "2.2"]
[Board "5"]
[White "Sakaev, Konstantin"]
[Black "Arngrimsson, Dagur"]
[Result "1-0"]
[WhiteTitle "GM"]
[BlackTitle "IM"]
[WhiteElo "2595"]
[BlackElo "2383"]
[WhiteTeam "Mednyi Vsadnik"]
[BlackTeam "Skakfelag Selfoss"]
[WhiteFideId "4104226"]
[BlackFideId "2301288"]
[EventDate "2021.09.18"]
[EventType "team"]

1. c4 c6 2. Nf3 Nf6 3. Nc3 d5 4. e3 e6 5. b3 Nbd7 6. Bb2 Bd6 7. Qc2 O-O 8. Be2
Qe7 9. O-O Re8 10. Rad1 a6 11. d4 b5 12. e4 Nxe4 13. Nxe4 dxe4 14. Qxe4 Nf6 15.
Qh4 Ba3 16. Ba1 h6 17. Ne5 Bb7 18. Bf3 Rac8 19. Qg3 Bd6 20. Rfe1 Nd7 21. Bc3
Nxe5 22. dxe5 Bb4 23. Bxb4 Qxb4 24. Qf4 Rc7 25. h4 c5 26. Bxb7 Rxb7 27. Re4 Qc3
28. Qd2 Qxd2 29. Rxd2 Reb8 30. g3 h5 31. Rf4 Kf8 32. Rd6 Ra7 33. Rc6 Rd8 34.
Rxc5 bxc4 35. bxc4 Ke7 36. Ra5 Rd2 37. Kg2 Rc2 38. Rd4 g6 39. Kf3 Rb7 40. Rf4
Rbb2 41. Kg2 Rb6 42. Rc5 Rb7 43. a4 Ra2 44. a5 Kf8 45. Rc8+ Kg7 46. c5 Rc2 47.
c6 Rb5 48. Rc7 1-0

[Event "36th ECC Open 2021"]
[Site "Struga MKD"]
[Date "2021.09.19"]
[Round "2.3"]
[Board "1"]
[White "Heimann, Andreas"]
[Black "Harikrishna, Pentala"]
[Result "1/2-1/2"]
[WhiteTitle "GM"]
[BlackTitle "GM"]
[WhiteElo "2587"]
[BlackElo "2725"]
[WhiteTeam "Schachgesellschaft Riehen"]
[BlackTeam "AVE Novy Bor"]
[WhiteFideId "24624632"]
[BlackFideId "5007003"]
[EventDate "2021.09.18"]
[EventType "team"]

1. d4 Nf6 2. c4 e6 3. Nf3 d5 4. Nc3 c6 5. e3 Nbd7 6. Be2 Bd6 7. O-O O-O 8. a4 b6
9. a5 Rb8 10. axb6 axb6 11. Qc2 Bb7 12. Rd1 c5 13. b3 Ra8 14. Bb2 Qe7 15. Rxa8
Rxa8 16. Ra1 Rxa1+ 17. Bxa1 cxd4 18. Nxd4 dxc4 19. bxc4 Qd8 20. Bf3 Qc8 21. Ncb5
Be5 22. Bxb7 Qxb7 23. Bb2 Qe4 24. Qxe4 Nxe4 25. Bc1 Ndc5 26. Nc6 Bf6 27. f3 Nd3
28. fxe4 Nxc1 29. e5 Bg5 30. Kf2 Kf8 31. Nd6 Be7 32. Nxe7 Kxe7 33. Kf3 Nd3 34.
Ke4 Nc5+ 35. Kd4 Nd7 36. Nc8+ Kd8 37. Nd6 Ke7 38. Nc8+ Kd8 39. Nd6 Ke7 1/2-1/2

[Event "36th ECC Open 2021"]
[Site "Struga MKD"]
[Date "2021.09.19"]
[Round "2.3"]
[Board "2"]
[White "Navara, David"]
[Black "Cvitan, Ognjen"]
[Result "1/2-1/2"]
[WhiteTitle "GM"]
[BlackTitle "GM"]
[WhiteElo "2676"]
[BlackElo "2470"]
[WhiteTeam "AVE Novy Bor"]
[BlackTeam "Schachgesellschaft Riehen"]
[WhiteFideId "309095"]
[BlackFideId "14500086"]
[EventDate "2021.09.18"]
[EventType "team"]

1. e4 c5 2. Nf3 d6 3. d4 cxd4 4. Nxd4 Nf6 5. Nc3 a6 6. Bg5 e6 7. f4 Be7 8. Qf3
Qc7 9. O-O-O Nbd7 10. Bd3 h6 11. Bh4 g5 12. fxg5 Ne5 13. Qe2 Nfg4 14. Nf3 hxg5
15. Bxg5 Bxg5+ 16. Nxg5 Qc5 17. Nh3 Bd7 18. Rd2 O-O-O 19. Kb1 Kb8 20. Qe1 Rc8
21. Re2 Qd4 22. a3 Nxd3 23. cxd3 Qxd3+ 24. Ka1 Qd4 25. Ng5 Ne5 26. Nf3 Qc5 27.
Nxe5 Qxe5 28. g3 Rc4 29. Rf1 Rh7 30. Ref2 Bc6 31. Rxf7 Rxh2 32. Re7 Rxe4 33.
Rf8+ Ka7 34. Qg1+ Qd4 35. Qxh2 Re1+ 36. Ka2 Qc4+ 37. b3 Qxc3 38. Qb2 Qe3 39. Rf2
Bd5 40. Rc2 Bxb3+ 41. Qxb3 Ra1+ 42. Kb2 Rb1+ 43. Kxb1 Qxb3+ 44. Rb2 Qd1+ 45. Ka2
Qd5+ 46. Kb1 Qd1+ 47. Ka2 Qd5+ 48. Kb1 1/2-1/2

[Event "36th ECC Open 2021"]
[Site "Struga MKD"]
[Date "2021.09.19"]
[Round "2.3"]
[Board "3"]
[White "Breder, Dennis"]
[Black "Ragger, Markus"]
[Result "1/2-1/2"]
[WhiteTitle "IM"]
[BlackTitle "GM"]
[WhiteElo "2463"]
[BlackElo "2665"]
[WhiteTeam "Schachgesellschaft Riehen"]
[BlackTeam "AVE Novy Bor"]
[WhiteFideId "4636945"]
[BlackFideId "1610856"]
[EventDate "2021.09.18"]
[EventType "team"]

1. e4 c5 2. Nf3 e6 3. c3 Nf6 4. e5 Nd5 5. Bc4 d6 6. d4 cxd4 7. cxd4 Be7 8. exd6
Qxd6 9. Nc3 O-O 10. O-O Nc6 11. Re1 Rd8 12. Bb3 Nf6 13. Nb5 Qd7 14. Bf4 a6 15.
Nc7 Ra7 16. d5 exd5 17. Rc1 Bd6 18. Bxd6 Qxd6 19. Nxd5 h6 20. Ne3 Qxd1 21. Rexd1
Rxd1+ 22. Rxd1 Bd7 23. Nd5 Nxd5 24. Bxd5 b5 25. a3 Kf8 26. Rc1 Ne7 27. Ba2 Be8
28. Ne5 f6 29. Nd3 Bf7 30. Bxf7 Kxf7 1/2-1/2